000 01007nam a2200277 a 4500
001 BRL_1195
005 20190320211058.0
008 261113s19uu----gw-#######---#000-0#ger-#
041 _ager
044 _agw
050 4 _aML50
_b.B44 1900
100 1 _aBeethoven, Ludwig van
_d1770-1827
_917703
245 1 0 _aFidelio
_bOper in zwei Aufzügen : Op. 72
_cText nach dem Französischen des J.N. Bouilly von Joseph Ferdinand Sonnleithner und Georg Friedrich Treitschke ; Musik von Ludwig van Beethoven ; Mit einer Einführung von Heinrich Kralik.
260 _aLeipzig
_bSteyrermühl
_c[19--]
300 _a52 p.
_c19 cm.
440 0 _aTagblatt-Bibliothek
_vNr.32
_926076
500 _aAu1271
600 1 4 _aBeethoven, Ludwig van
_d1770-1827
_tFidelio
_926077
650 1 4 _aOpera
_923436
650 1 4 _aLibretos para operas
_923437
700 1 _aFerdinand Sonnleithner, Joseph
_926078
700 1 _aFriedrich Treitschke, Georg
_926079
700 1 _aKralik, Heinrich
_924817
902 _aGRL
942 _2lcc
_cB
999 _c10007
_d10007